000 00326nam a2200145Ia 4500
008 230718s9999 xx 000 0 und d
041 _aEng.
082 _a420
_bHOO-H
100 _aHoover, Thon
245 0 _aHow to live with idd
260 _aPakistan
_bFranklin for
_c2005
300 _a255
650 _aLaw
999 _c26094
_d26094